| 000 | 00415nam a2200157 i 4500 | ||
|---|---|---|---|
| 001 | 97175 | ||
| 003 | ES-MaACL | ||
| 005 | 20230906182044.0 | ||
| 007 | t| | ||
| 008 | 050707s1931 sp ||||1| spa d | ||
| 100 | 1 |
_aMar, E. C. del. _976284 |
|
| 245 | 1 | 3 |
_aAl Capone _b: el dictador de Chicago / _cE. C. del Mar. |
| 260 |
_aBarcelona : _bCosta, _c1931. |
||
| 300 |
_a162 p. ; _c21 cm. |
||
| 852 |
_aES-MaACL _jF-13717 |
||
| 999 |
_c97175 _d97175 |
||